00000000nam 2200000za 4500
0019.846828
003CaOODSP
00520221107153310
007cr |||||||||||
008171108s1938    oncd    os   f000 0 eng d
040 |aCaOODSP|beng
041 |aeng|afre
043 |an-cn---
0861 |aCS81-D/80-1938-PDF
24504|aThe size factor in one-room schools |h[electronic resource] / |cDominion Bureau of Statistics, Education Statistics Branch.
2461 |iAdded cover title: |aFacteur importance dans les écoles à classe unique
260 |aOttawa : |bDominion Bureau of Statistics, |c1938.
300 |a23 p. : |bcharts
4901 |aEducation bulletin ; |vno. 3, 1938
500 |aCover title.
500 |aChiefly tables.
500 |aDigitized edition from print [produced by Statistics Canada].
530 |aIssued also in print format.
546 |aText in English and French.
69207|2gccst|aSchools
69207|2gccst|aRural communities
69207|2gccst|aStatistics
7101 |aCanada.|bDominion Bureau of Statistics.|bEducation Branch.
792 |tThe size factor in one-room schools |efre|w(CaOODSP)9.846829
830#0|aEducation bulletin (Ottawa, Ont.)|vno. 3, 1938|w(CaOODSP)9.841635
85640|qPDF|s446 KB|uhttps://publications.gc.ca/collections/collection_2017/statcan/CS81-D-80-1938.pdf
986 |a81-D-80